Archivnictví v meziválečném Československu (1918-1939) středoevropské kontexty - politika - profesionalizace

Bibliographic Details
Main Author: Velička, Tomáš, 1984- (Author)
Format: Book
Language:Czech
PhysicalDescription:588 strán faksimile, ilustrácie, mapy, portréty 23 cm
Published: Ústí nad Labem Univerzita J.E. Purkyně v Ústí nad Labem, Filozofická fakulta 2023
ISBN:9788075614414
Edition:Vydání první
Subjects:

MARC

LEADER 00000cam a2200000 4500
001 vtls012254173
003 SK-MaSNL
005 20260521145509.0
008 240408s2023 xr habcf n 001 0 cze
015 |a SNBZSA2026/02 
020 |a 9788075614414  |q (brožované) 
040 |a SNK  |b slo  |c SNK  |e rda 
041 0 |a cze  |b eng 
043 |a e-cs---  |a ec----- 
044 |a xr  |c CZ 
072 7 |a 930  |x Historická veda. Pomocné vedy historické. Archívnictvo  |2 konspekt 
080 |a 930.25  |2 2011 
080 |a 930.253(091)  |2 2011 
080 |a (437)  |2 2011 
080 |a (4-191.2)  |2 2011 
080 |a (048.8)  |2 2011 
100 1 |a Velička, Tomáš,  |d 1984-  |4 aut  |9 345215 
245 1 0 |a Archivnictví v meziválečném Československu (1918-1939)  |b středoevropské kontexty - politika - profesionalizace  |c Tomáš Velička 
250 |a Vydání první 
264 1 |a Ústí nad Labem  |b Univerzita J.E. Purkyně v Ústí nad Labem, Filozofická fakulta  |c 2023 
300 |a 588 strán  |b faksimile, ilustrácie, mapy, portréty  |c 23 cm 
336 |a text  |b txt  |2 rdacontent 
337 |a bez média  |b n  |2 rdamedia 
338 |a zväzok  |b nc  |2 rdacarrier 
500 |a Obsahuje poznámky pod čiarou, zoznam vyobrazení a zoznam skratiek 
504 |a Obsahuje bibliografiu, bibliografické odkazy a menný register 
546 |a Anglické resumé 
648 7 |a 1918-1939  |2 SNKPH  |9 283412 
650 0 7 |a archívnictvo  |2 SNKPH  |9 4219 
650 0 7 |a archívy  |2 SNKPH  |9 26146 
650 0 7 |a Keeping archives  |2 SNKPHeng  |9 265334 
650 0 7 |a Archives  |2 SNKPHeng  |9 265292 
651 7 |a Československo  |2 SNKPHgeo  |9 21376 
651 7 |a Európa stredná  |2 SNKPHgeo  |9 23970 
651 7 |a Czechoslovakia  |2 SNKPHeng  |9 265183 
651 7 |a Europe, Central  |2 SNKPHeng  |9 98219 
655 7 |a monografie  |2 SNKPH  |9 70139 
655 7 |a Monographs  |2 SNKPHeng  |9 120675 
852 |a Slovenská národná knižnica 
919 |a 978-80-7561-441-4 
954 |a odborná, vedecká literatúra cudzojazyčná (svetová)  |2 lita 
958 |a ZS 
958 |a NB 
999 |c 590532  |d 592462 
952 |t 1  |a SNK  |b SNK  |y PREZ  |7 0  |p 17A1582344  |o snkSC 212710  |i snk2025/18899  |8 4  |g 24.83  |0 0  |1 0  |2 udc  |4 0  |d 2024-08-19  |l 0  |r 2026-02-23 15:22:00  |w 2026-02-23 
952 |t 2  |a SNK  |b SNK  |y NEVYP  |7 1  |p 17A1578538  |o snkSC 212710 D1  |i snk2026/7754  |8 4  |g 22.97  |0 0  |1 0  |2 udc  |4 0  |d 2025-10-23  |l 0  |r 2026-02-23 15:22:00  |w 2026-02-23